Pradeep's fundamental Physics (for class xii +2 stage) (Record no. 132769)
[ view plain ]
| 000 -LEADER | |
|---|---|
| fixed length control field | 00410nam a2200157Ia 4500 |
| 005 - DATE AND TIME OF LATEST TRANSACTION | |
| control field | 20240821155812.0 |
| 008 - FIXED-LENGTH DATA ELEMENTS--GENERAL INFORMATION | |
| fixed length control field | 240821s9999||||xx |||||||||||||| ||und|| |
| 082 ## - DEWEY DECIMAL CLASSIFICATION NUMBER | |
| Classification number | 530 GOM |
| 100 ## - MAIN ENTRY--PERSONAL NAME | |
| Personal name | Gomber, K.L. |
| 245 #0 - TITLE STATEMENT | |
| Title | Pradeep's fundamental Physics (for class xii +2 stage) |
| 250 ## - EDITION STATEMENT | |
| Edition statement | 9th ed. |
| 260 ## - PUBLICATION, DISTRIBUTION, ETC. | |
| Place of publication, distribution, etc. | Jalandhar |
| Name of publisher, distributor, etc. | Pradeep Publications |
| Date of publication, distribution, etc. | 2000 |
| 300 ## - PHYSICAL DESCRIPTION | |
| Extent | xii,1168p |
| 650 ## - SUBJECT ADDED ENTRY--TOPICAL TERM | |
| Topical term or geographic name entry element | Physics |
| 942 ## - ADDED ENTRY ELEMENTS (KOHA) | |
| Koha item type | Book |
| Withdrawn status | Lost status | Damaged status | Not for loan | Home library | Current library | Date acquired | Total checkouts | Barcode | Date last seen | Price effective from | Koha item type |
|---|---|---|---|---|---|---|---|---|---|---|---|
| Library and Documentation Division NCERT | Library and Documentation Division NCERT | 08/21/2024 | 120654 | 08/21/2024 | 08/21/2024 | Book |





